Catálogo público

Normal view MARC view

Entry Nombre de reunión

Number of records used in: 1

001 - NÚMERO DE CONTROL

  • campo de control: 36786

003 - IDENTIFICADOR DEL NÚMERO DE CONTROL

  • campo de control: OSt

005 - FECHA Y HORA DE LA ÚLTIMA TRANSACCIÓN

  • campo de control: 20220127112037.0

008 - DATOS DE LONGITUD FIJA

  • campo de control de longitud fija: 000225|| aznnnabb| un and |u

040 ## - FUENTE DE LA CATALOGACIÓN

  • Centro catalogador/agencia de origen: OSt
  • Centro/agencia transcriptor: OSt

111 00 - ENCABEZAMIENTO--NOMBRE DE CONGRESO/REUNIÓN

  • Nombre de congreso/reunión o jurisdicción como elemento de entrada: Encuentro de Investigadores y Responsables del Postgrado de la Ua de C
  • Número del congreso/reunión o número de parte o sección: (4 :
  • Fecha del congreso/reunión: 1997:
  • Sede del congreso/Lugar de la reunión: Saltillo, Coah.)